000
00331nam a22001337a 4500
008
240920b |||||||| |||| 00| 0 eng d
020
_a
81-7684-768-2
100
_a
S S Mishra & S Mishra
245
_a
VLSI Circuits & System
260
_a
New Delhi
_b
Satya Prakashan
_c
2014
300
_a
722
650
_a
BB-ECE
942
_2
ddc
_c
BK
999
_c
20872
_d
20872